000 00323nam a2200109 4500
082 0 _a399
242 0 0 _aProverbs in Viri and English
245 1 1 _aNjofanaã̈ũ̈ ta njo vĩ̈rï'dĩi je ĩngĩlí̈zí̈
260 _aKhartoum
_bViri Literacy & Cultural Development Committee
_cc.1998
300 _a26 p.
942 _2ddc
_cBK
999 _c64526
_d64500